|
|
|
|
| LEADER |
02713nam a2200397 a 4500 |
| 001 |
13430667 |
| 003 |
BD-DhAAL |
| 005 |
20160830155604.0 |
| 008 |
090531s2004 ii a b 001 0 eng d |
| 010 |
|
|
|a \\2003026836
|
| 020 |
|
|
|a 0761998306 (Cloth)
|
| 020 |
|
|
|a 0761932356 (Paper)
|
| 020 |
|
|
|a 8178293439(Indian -Hb)
|
| 020 |
|
|
|a 817829365x(Indian -Pb)
|
| 040 |
|
|
|a DLC
|c DLC
|d DLC
|
| 082 |
0 |
0 |
|a 303.48/33/0954
|2 22
|
| 999 |
|
|
|c 1201
|d 1201
|
| 999 |
|
|
|c 1201
|
| 245 |
0 |
0 |
|a IT experience in India :
|b bridging the digital divide /
|c editors, Kenneth Keniston and Deepak Kumar.
|
| 246 |
3 |
|
|a Information technology experience in India
|
| 260 |
|
|
|a New Delhi ;
|a Thousand Oaks, Calif. :
|b Sage Publications,
|c c2004.
|
| 300 |
|
|
|a 194 p. :
|b ill. ;
|c 22 cm.
|
| 500 |
|
|
|a Papers from a "Workshop on 'Equity, Diversity, and Information Technology?', held at the National Institute of Advanced Studies at the Indian Institute of Science in Bangalore.
|
| 504 |
|
|
|a Includes bibliographical references and index.
|
| 505 |
0 |
|
|a The four digital divides / Kenneth Keniston -- Towards a knowledge system for sustainable food security: the information village experiment in Pondicherry / V. Balaji, K.G. Rajamohan, R. Rajasekara Pandy, and S. Senthilkumaran -- Liberalization of Indian telecom: regulation in the era of convergence (for information infrastructure and services) / T.J. Chowdary -- Information technology to support diversity in a global economy / Pat Hall -- An update on current telecom and regulation scenario in India -- Ashok Jhunjhunwala and Bhaskar Ramamurthi -- An agenda: electronic governance for the poor / P.D. Kaushik -- Digital development / Deepak Kumar -- Science, technology, and the politics of computers in Indian languages / Harsh Kumar -- Collaborative creation of digital resources in Indian languages / Rajeev Sangal, Akshar Bharati, and Vineet Chaitanya -- The Bangalore boom: from brain drain to brain circulation? / Annalee Saxenian.
|
| 541 |
1 |
|
|e 00010387
|
| 650 |
|
0 |
|a Digital divide
|z India
|v Congresses.
|9 20399
|
| 650 |
|
0 |
|a Information technology
|x Social aspects
|z India
|v Congresses.
|9 20400
|
| 650 |
|
0 |
|a Telecommunication
|x Social aspects
|z India
|v Congresses.
|9 20401
|
| 650 |
|
0 |
|a Equality
|z India
|v Congresses.
|9 20402
|
| 650 |
|
0 |
|a Economic development projects
|z India
|v Congresses.
|9 20403
|
| 700 |
1 |
|
|a Keniston, Kenneth.
|9 20404
|
| 700 |
1 |
|
|a Kumar, Deepak,
|d 1952-
|9 20405
|
| 852 |
4 |
|
|a Ayesha Abed Library
|j General shelfl
|
| 942 |
|
|
|2 ddc
|c BK
|
| 952 |
|
|
|0 0
|1 0
|2 ddc
|4 0
|6 303_483309540000000_ITE_2004
|7 0
|9 1087
|a BRACUL
|b BRACUL
|c GEN
|d 2009-06-24
|g 0.00
|l 1
|m 7
|o 303.48330954 ITE
|p 3010010387
|r 2016-03-24
|s 2016-02-01
|t 1
|w 2009-06-24
|y BK
|x No price found in the accession register.
|